<?xml version="1.0" encoding="UTF-8"?>
<record
    xmlns:xsi="http://www.w3.org/2001/XMLSchema-instance"
    xsi:schemaLocation="http://www.loc.gov/MARC21/slim http://www.loc.gov/standards/marcxml/schema/MARC21slim.xsd"
    xmlns="http://www.loc.gov/MARC21/slim">

  <leader>01541nam a2200349 i 4500</leader>
  <controlfield tag="003">DO-SdBNP</controlfield>
  <controlfield tag="005">20240311151235.0</controlfield>
  <controlfield tag="007">ta</controlfield>
  <controlfield tag="008">240311s2000    dr abc        000 0 spa d</controlfield>
  <datafield tag="020" ind1=" " ind2=" ">
    <subfield code="a">848261231X</subfield>
  </datafield>
  <datafield tag="040" ind1=" " ind2=" ">
    <subfield code="a">DO-SdBNP</subfield>
    <subfield code="b">spa</subfield>
    <subfield code="c">BNPHU</subfield>
    <subfield code="e">rda</subfield>
  </datafield>
  <datafield tag="082" ind1=" " ind2="4">
    <subfield code="2">22</subfield>
    <subfield code="b">A473</subfield>
  </datafield>
  <datafield tag="100" ind1="1" ind2=" ">
    <subfield code="a">Alvarez, Mar&#xED;a Jos&#xE9;,</subfield>
    <subfield code="9">30498</subfield>
    <subfield code="e">autora</subfield>
  </datafield>
  <datafield tag="245" ind1="1" ind2="0">
    <subfield code="a">Sociedad 3 :</subfield>
    <subfield code="b">educaci&#xF3;n b&#xE1;sica /</subfield>
    <subfield code="c">Mar&#xED;a Jos&#xE9; Alvarez ; direcci&#xF3;n editorial, Obdulia Garc&#xED;a de Escobar ; ilustraci&#xF3;n, Ruddy N&#xFA;&#xF1;ez, Frank Su&#xE1;rez. ; fotograf&#xED;as Carlos Diez Polanco, H&#xE9;ctor G&#xE1;lvez, Ricardo Briones</subfield>
  </datafield>
  <datafield tag="264" ind1=" " ind2="1">
    <subfield code="a">Santo Domingo :</subfield>
    <subfield code="b">Santillana,</subfield>
    <subfield code="c">2000.</subfield>
  </datafield>
  <datafield tag="300" ind1=" " ind2=" ">
    <subfield code="a">2 tomos</subfield>
    <subfield code="b">ilustraciones, mapas, retratos</subfield>
    <subfield code="c">28 cm.</subfield>
  </datafield>
  <datafield tag="336" ind1=" " ind2=" ">
    <subfield code="2">rdacontent</subfield>
    <subfield code="a">texto</subfield>
    <subfield code="b">txt</subfield>
  </datafield>
  <datafield tag="337" ind1=" " ind2=" ">
    <subfield code="2">rdamedia</subfield>
    <subfield code="a">sin mediaci&#xF3;n</subfield>
    <subfield code="b">n</subfield>
  </datafield>
  <datafield tag="338" ind1=" " ind2=" ">
    <subfield code="2">rdacarrier</subfield>
    <subfield code="a">volumen</subfield>
    <subfield code="b">nc</subfield>
  </datafield>
  <datafield tag="490" ind1=" " ind2=" ">
    <subfield code="a">Umbral</subfield>
  </datafield>
  <datafield tag="500" ind1=" " ind2=" ">
    <subfield code="a">Educaci&#xF3;n b&#xE1;sica. </subfield>
  </datafield>
  <datafield tag="500" ind1=" " ind2=" ">
    <subfield code="a">La biblioteca posee el libro de texto y el &#xE1;lbum de sociedad.</subfield>
  </datafield>
  <datafield tag="505" ind1="0" ind2=" ">
    <subfield code="t">Nuestro pa&#xED;s --</subfield>
    <subfield code="t">el territorio donde vivo --</subfield>
    <subfield code="t">El campo --</subfield>
    <subfield code="t">Pueblos y ciudades --</subfield>
    <subfield code="t">La industria --</subfield>
    <subfield code="t">La econom&#xED;a y los servicios --</subfield>
    <subfield code="t">La poblaci&#xF3;n y el gobierno --</subfield>
    <subfield code="t">La vida democr&#xE1;tica --</subfield>
    <subfield code="t">Recortables /</subfield>
  </datafield>
  <datafield tag="590" ind1=" " ind2=" ">
    <subfield code="a">Inventariado, 2024/ YL</subfield>
  </datafield>
  <datafield tag="700" ind1="1" ind2=" ">
    <subfield code="a">Garc&#xED;a Escobar, Obdulia,</subfield>
    <subfield code="e">direcci&#xF3;n editorial</subfield>
    <subfield code="9">29560</subfield>
  </datafield>
  <datafield tag="700" ind1="1" ind2=" ">
    <subfield code="a">N&#xFA;&#xF1;ez, Ruddy,</subfield>
    <subfield code="e">ilustraciones</subfield>
    <subfield code="9">23171</subfield>
  </datafield>
  <datafield tag="700" ind1="1" ind2=" ">
    <subfield code="a">Su&#xE1;rez, Frank,</subfield>
    <subfield code="e">ilustraciones</subfield>
    <subfield code="9">10209</subfield>
  </datafield>
  <datafield tag="700" ind1="1" ind2=" ">
    <subfield code="a">Diez Polanco, Carlos</subfield>
    <subfield code="e">fotograf&#xED;as</subfield>
    <subfield code="9">29828</subfield>
  </datafield>
  <datafield tag="700" ind1="1" ind2=" ">
    <subfield code="a">G&#xE1;lvez, H&#xE9;ctor </subfield>
    <subfield code="e">fotograf&#xED;as</subfield>
    <subfield code="9">85002</subfield>
  </datafield>
  <datafield tag="910" ind1=" " ind2=" ">
    <subfield code="a">YLockward</subfield>
  </datafield>
  <datafield tag="942" ind1=" " ind2=" ">
    <subfield code="2">ddc</subfield>
    <subfield code="c">LBS1</subfield>
  </datafield>
  <datafield tag="952" ind1=" " ind2=" ">
    <subfield code="0">0</subfield>
    <subfield code="1">0</subfield>
    <subfield code="2">ddc</subfield>
    <subfield code="5">1</subfield>
    <subfield code="7">0</subfield>
    <subfield code="8">CIJ-PD</subfield>
    <subfield code="a">BNPHU</subfield>
    <subfield code="b">BNPHU</subfield>
    <subfield code="c">CT</subfield>
    <subfield code="d">2009-11-13</subfield>
    <subfield code="e">Deposito Legal</subfield>
    <subfield code="l">0</subfield>
    <subfield code="o">BNPHU CIJ-PD A473</subfield>
    <subfield code="p">2024-1334</subfield>
    <subfield code="r">2024-03-11</subfield>
    <subfield code="w">2024-03-11</subfield>
    <subfield code="y">LBS1</subfield>
    <subfield code="z">Libro de Texto</subfield>
  </datafield>
  <datafield tag="952" ind1=" " ind2=" ">
    <subfield code="0">0</subfield>
    <subfield code="1">0</subfield>
    <subfield code="2">ddc</subfield>
    <subfield code="5">1</subfield>
    <subfield code="7">0</subfield>
    <subfield code="8">CIJ-PD</subfield>
    <subfield code="a">BNPHU</subfield>
    <subfield code="b">BNPHU</subfield>
    <subfield code="c">CT</subfield>
    <subfield code="d">2021-12-16</subfield>
    <subfield code="e">Donado por Colegio Nuestra Se&#xF1;ora de Lourdes</subfield>
    <subfield code="l">0</subfield>
    <subfield code="o">BNPHU CIJ-PD A473</subfield>
    <subfield code="p">2024-1335</subfield>
    <subfield code="r">2024-03-11</subfield>
    <subfield code="t">e. 2, texto</subfield>
    <subfield code="w">2024-03-11</subfield>
    <subfield code="y">LBS1</subfield>
    <subfield code="z">Libro de Texto</subfield>
  </datafield>
  <datafield tag="952" ind1=" " ind2=" ">
    <subfield code="0">0</subfield>
    <subfield code="1">0</subfield>
    <subfield code="2">ddc</subfield>
    <subfield code="5">6</subfield>
    <subfield code="7">0</subfield>
    <subfield code="8">DS</subfield>
    <subfield code="a">BNPHU</subfield>
    <subfield code="b">BNPHU</subfield>
    <subfield code="c">CT</subfield>
    <subfield code="d">2021-12-16</subfield>
    <subfield code="e">Donado por Colegio Nuestra Se&#xF1;ora de Lourdes</subfield>
    <subfield code="l">0</subfield>
    <subfield code="o">BNPHU CIJ-DS A473</subfield>
    <subfield code="p">2024-1336</subfield>
    <subfield code="r">2024-03-11</subfield>
    <subfield code="t">e. 3 texto</subfield>
    <subfield code="w">2024-03-11</subfield>
    <subfield code="y">LBS1</subfield>
    <subfield code="z">Libro de Texto</subfield>
  </datafield>
  <datafield tag="952" ind1=" " ind2=" ">
    <subfield code="0">0</subfield>
    <subfield code="1">0</subfield>
    <subfield code="2">ddc</subfield>
    <subfield code="5">1</subfield>
    <subfield code="7">0</subfield>
    <subfield code="8">CIJ-PD</subfield>
    <subfield code="a">BNPHU</subfield>
    <subfield code="b">BNPHU</subfield>
    <subfield code="c">CT</subfield>
    <subfield code="d">2021-12-16</subfield>
    <subfield code="e">Donado por Colegio Nuestra Se&#xF1;ora de Lourdes</subfield>
    <subfield code="l">0</subfield>
    <subfield code="o">BNPHU CIJ-PD A473</subfield>
    <subfield code="p">2024-1337</subfield>
    <subfield code="r">2024-03-11</subfield>
    <subfield code="t">e. 1, &#xE1;lbum</subfield>
    <subfield code="w">2024-03-11</subfield>
    <subfield code="y">LBS1</subfield>
    <subfield code="z">&#xC1;lbum de sociedad</subfield>
  </datafield>
  <datafield tag="952" ind1=" " ind2=" ">
    <subfield code="0">0</subfield>
    <subfield code="1">0</subfield>
    <subfield code="2">ddc</subfield>
    <subfield code="5">1</subfield>
    <subfield code="7">0</subfield>
    <subfield code="8">CIJ-PD</subfield>
    <subfield code="a">BNPHU</subfield>
    <subfield code="b">BNPHU</subfield>
    <subfield code="c">CT</subfield>
    <subfield code="d">2021-12-16</subfield>
    <subfield code="e">Donado por Colegio Nuestra Se&#xF1;ora de Lourdes</subfield>
    <subfield code="l">0</subfield>
    <subfield code="o">BNPHU CIJ-PD A473</subfield>
    <subfield code="p">2024-1338</subfield>
    <subfield code="r">2024-03-11</subfield>
    <subfield code="t">e. 2, &#xE1;lbum</subfield>
    <subfield code="w">2024-03-11</subfield>
    <subfield code="y">LBS1</subfield>
    <subfield code="z">&#xC1;lbum de sociedad</subfield>
  </datafield>
  <datafield tag="952" ind1=" " ind2=" ">
    <subfield code="0">0</subfield>
    <subfield code="1">0</subfield>
    <subfield code="2">ddc</subfield>
    <subfield code="5">6</subfield>
    <subfield code="7">0</subfield>
    <subfield code="8">DS</subfield>
    <subfield code="a">BNPHU</subfield>
    <subfield code="b">BNPHU</subfield>
    <subfield code="c">CT</subfield>
    <subfield code="d">2021-12-16</subfield>
    <subfield code="e">Donado por Colegio Nuestra Se&#xF1;ora de Lourdes</subfield>
    <subfield code="l">0</subfield>
    <subfield code="o">BNPHU CIJ-DS A473</subfield>
    <subfield code="p">2024-1339</subfield>
    <subfield code="r">2024-03-11</subfield>
    <subfield code="t">e. 3, &#xE1;lbum</subfield>
    <subfield code="w">2024-03-11</subfield>
    <subfield code="y">LBS1</subfield>
    <subfield code="z">&#xC1;lbum de sociedad</subfield>
  </datafield>
  <datafield tag="999" ind1=" " ind2=" ">
    <subfield code="c">56065</subfield>
    <subfield code="d">56065</subfield>
  </datafield>
</record>
